<?xml version="1.0" encoding="UTF-8"?>
<record
    xmlns:xsi="http://www.w3.org/2001/XMLSchema-instance"
    xsi:schemaLocation="http://www.loc.gov/MARC21/slim http://www.loc.gov/standards/marcxml/schema/MARC21slim.xsd"
    xmlns="http://www.loc.gov/MARC21/slim">

  <leader>01212    a2200157   4500</leader>
  <controlfield tag="003">Nust</controlfield>
  <controlfield tag="005">20170207154115.0</controlfield>
  <datafield tag="040" ind1=" " ind2=" ">
    <subfield code="c">Nust</subfield>
  </datafield>
  <datafield tag="082" ind1=" " ind2=" ">
    <subfield code="a">954.94</subfield>
  </datafield>
  <datafield tag="100" ind1=" " ind2=" ">
    <subfield code="a">Samuel Greenwood</subfield>
  </datafield>
  <datafield tag="245" ind1=" " ind2=" ">
    <subfield code="a">Footsteps of Israel</subfield>
  </datafield>
  <datafield tag="260" ind1=" " ind2=" ">
    <subfield code="a">Boston</subfield>
    <subfield code="b">A. A. Beauchamp</subfield>
    <subfield code="c">1922</subfield>
  </datafield>
  <datafield tag="300" ind1=" " ind2=" ">
    <subfield code="a">xii: 346</subfield>
  </datafield>
  <datafield tag="500" ind1=" " ind2=" ">
    <subfield code="a">Paradise Lost or the Dream Mate (Page-1) The Woman and The Serpent (Page-14) The Early morning of History (Page-22) The Rise of Israel (Page-30) The Meaning of Israel (Page-41) Joseph and Judah (Page-51) From Hereby to the red Asia (Page-62) The Convents in the wilderness (Page-75) Proving the world of the Lord (Page-88) The Perils of Disobedience (Page-122) The Coming of Prophets and Kings (Page-133) A House Divided (Page-154) The Times of the Gentiles (Page-175) The Convent of Prophecy (Page-185)  The Rise Of Christianity (Page-208) The Woman driven to the Wilderness (Page-219) Emerging from Obscurity (Page-232) The Hebrew Scriptures (Page-243) Israel Restoration in Prophecy (Page-251) At The Threshold of fulfillments (Page-263) Anglo Israel The Second Witness (Page-275) A Light to Lighten the Gentiles (Page-329) Paradise Regained or the dream Dis (Page-336)</subfield>
  </datafield>
  <datafield tag="538" ind1=" " ind2=" ">
    <subfield code="a">Almirah No.63  Shelf No.3</subfield>
  </datafield>
  <datafield tag="942" ind1=" " ind2=" ">
    <subfield code="2">ddc</subfield>
    <subfield code="c">BK</subfield>
  </datafield>
  <datafield tag="999" ind1=" " ind2=" ">
    <subfield code="c">194059</subfield>
    <subfield code="d">194059</subfield>
  </datafield>
  <datafield tag="952" ind1=" " ind2=" ">
    <subfield code="0">0</subfield>
    <subfield code="1">0</subfield>
    <subfield code="2">ddc</subfield>
    <subfield code="4">0</subfield>
    <subfield code="7">0</subfield>
    <subfield code="8">NFIC</subfield>
    <subfield code="a">MCS</subfield>
    <subfield code="b">MCS</subfield>
    <subfield code="d">2016-12-12</subfield>
    <subfield code="l">0</subfield>
    <subfield code="o">954.94   GRE</subfield>
    <subfield code="p">MCS29633</subfield>
    <subfield code="r">2016-12-08</subfield>
    <subfield code="w">2016-12-12</subfield>
    <subfield code="y">BK</subfield>
  </datafield>
</record>
